What are pollution, smoke, smog, and more.../ (Record no. 59440)
[ view plain ]
| 000 -LEADER | |
|---|---|
| fixed length control field | 01669nam a22002657a 4500 |
| 005 - DATE AND TIME OF LATEST TRANSACTION | |
| control field | 20111214142414.0 |
| 010 ## - LCCN (DPL NO) | |
| LC control number | B-483197-201 |
| 020 ## - INTERNATIONAL STANDARD BOOK NUMBER | |
| International Standard Book Number | 9788179931219 |
| Terms of availability | 75.00 |
| 035 ## - SYSTEM CONTROL NUMBER | |
| System control number | B-483197-201 |
| 037 ## - SOURCE OF ACQUISITION | |
| Stock number | Blueberry Books/Ven |
| 082 ## - DEWEY DECIMAL CLASSIFICATION NUMBER | |
| Classification number | 363.73 |
| 245 ## - TITLE STATEMENT | |
| Title | What are pollution, smoke, smog, and more.../ |
| Statement of responsibility, etc | edited by Madhu Singh Sirohi |
| 260 ## - PUBLICATION, DISTRIBUTION, ETC. (IMPRINT) | |
| Place of publication, distribution, etc | New Delhi |
| Name of publisher, distributor, etc | Teri Press |
| Date of publication, distribution, etc | 2008 |
| 270 ## - ADDRESS | |
| Address | Darbari Seth Block, IHC Complex, Lodhi Road |
| City | New Delhi |
| Postal code | 110003 |
| 300 ## - PHYSICAL DESCRIPTION | |
| Extent | 16p. |
| Other physical details | col.ill |
| Dimensions | 23cm(pbk) |
| 490 ## - SERIES STATEMENT | |
| Series statement | Green genius guide/ edited by Pallavi Sah |
| -- | 53387 |
| 700 ## - ADDED ENTRY--PERSONAL NAME | |
| Personal name | Sirohi, Madhu Singh |
| 9 (RLIN) | 36900 |
| 942 ## - ADDED ENTRY ELEMENTS (KOHA) | |
| Source of classification or shelving scheme | Dewey Decimal Classification |
| Item type | Children Books |
| Call number suffix | WHA |
| Classification part | 363.73 |
| Withdrawn status | Lost status | Not for loan | Collection code | Home library | Current library | Date acquired | Source of acquisition | Cost, normal purchase price | Full call number | Barcode | Copy number | Cost, replacement price | Koha item type |
|---|---|---|---|---|---|---|---|---|---|---|---|---|---|
| Non-fiction | Andrews Gunj | Andrews Gunj | 29/10/2012 | Blueberry/IN8633/20.4.12/43/20.03.12/19.06.12 | 75.00 | 363.73 WHA | B-483199 | 1 | 75.00 | Children Books | |||
| Non-fiction | R.C.Libraries (zls) | R.C.Libraries (zls) | 29/10/2012 | Blueberry/IN8633/20.4.12/43/20.03.12/19.06.12 | 75.00 | 363.73 WHA | B-483200 | 1 | 75.00 | Children Books | |||
| Non-fiction | R.K.Puram-8 | R.K.Puram-8 | 29/10/2012 | Blueberry/IN8633/20.4.12/43/20.03.12/19.06.12 | 75.00 | 363.73 WHA | B-483198 | 1 | 75.00 | Children Books | |||
| Non-fiction | Sarojini Nagar | Sarojini Nagar | 29/10/2012 | Blueberry/IN8633/20.4.12/43/20.03.12/19.06.12 | 75.00 | 363.73 WHA | B-483197 | 1 | 75.00 | Children Books | |||
| Non-fiction | Vinoba Puri | Vinoba Puri | 29/10/2012 | Blueberry/IN8633/20.4.12/43/20.03.12/19.06.12 | 75.00 | 363.73 WHA | B-483201 | 1 | 75.00 | Children Books |
